Petit Bac: Les Pokémon de type Glace - Statistiques

Statistiques générales
  • Ce quiz a été pris 387 fois
  • Le résultat moyen est 12 sur 14
Statistiques - réponses
Lettre Pokémon % Correct
G Galvagla / Glaivodo / Grelaçon / Givrali / Goupix
95%
S Sabelette / Sablaireau / Séracrawl / Sorbébé / Sorbouboul / Sorboul / Stalgamin / Sylveroy
95%
O Obalie / Oniglali
94%
F Farfuret / Feunard / Frigodo / Frissonille
93%
M Mammochon / Marcacrin / M. Glaquette / M.Mime / Momartik / Morphéo / Motisma
93%
B Balbalèze / Baojian / Békaglaçon / Beldeneige / Blizzeval / Blizzaroi / Blizzi
91%
C Cadoizo / Cochignon / Crabominable / Crustabri / Cryodo
88%
A Amagara / Artikodin
87%
K Kaimorse / Kyurem
87%
L Lamantine / Lippouti / Lippoutou / Lokhlass
87%
P Piétacé / Phogleur / Polagriffe / Polarhume
86%
D Darumacho / Darumarond / Dimoret / Dragmara
85%
H Hexagel / Hotte-de-Fer / Hydragla
72%
R Regice
56%
Aucun quiz correspondant
Distribution des résultats
% des personnes avec chaque résultat
Percentile par nombre de réponses
Votre historique - résultats
Vous n’avez pas pris ce quiz